[Event "Chile-ch Absolute 2018-19"]
[Site "Santiago"]
[Date "2019.02.28"]
[Round "11.4"]
[White "Abarca Gonzalez, Nicolas"]
[Black "Vergara Jofre, Felipe"]
[Result "1-0"]
[WhiteElo "2418"]
[BlackElo "2265"]
[Annotator "NA RC"]
[PlyCount "131"]
[EventDate "2019.02.20"]
[EventType "tourn"]
[EventCountry "CHI"]
[SourceTitle "playchess.com"]
[Source "ChessBase"]
[SourceQuality "1"]
[TimeControl "5400+30"]

1. Nf3 {[%emt 0:09:03]} d5 {[%emt 0:00:00]} 2. b3 {[%emt 0:00:03]} Bg4 {[%emt 0:00:00]} 3. e3 {[%emt 0:00:24]} Nd7 {[%emt 0:05:11]} 4. Bb2 {[%emt 0:00:20]} Ngf6 {[%emt 0:05:14]} 5. c4 {[%emt 0:00:39]} e6 {[%emt 0:00:49]} 6. Nc3 {[%emt 0:01:17]} h6 {[%emt 0:04:09]} 7. Be2 {[%emt 0:01:28]} c6 $11 {[%emt 0:01:53]} 8. d4 {[%emt 0:00:15]} Bd6 {[%emt 0:04:39]} 9. O-O {[%emt 0:00:21]} O-O {[%emt 0:00:22]} 10. h3 {[%emt 0:02:22]} Bf5 {[%emt 0:07:16]} 11. Bd3 {[%emt 0:05:05]} Bxd3 {[%emt 0:06:12]} 12. Qxd3 {[%emt 0:00:03]} Re8 {[%emt 0:01:01]} 13. Rad1 {[%emt 0:04:06]} Qa5 {[%emt 0:07:03]} 14. Qd2 {[%emt 0:18:33]} Qa6 {[%emt 0:05:32]} 15. c5 {[%emt 0:00:20]} Bc7 {[%emt 0:02:02]} 16. Qc2 {[%emt 0:02:13]} b6 {[%emt 0:11:25]} 17. cxb6 {[%emt 0:01:27]} axb6 {[%emt 0:00:55]} 18. a4 {[%emt 0:00:49]} Rac8 {[%emt 0:05:06]} 19. Rfe1 {[%emt 0:15:35]} Bd6 {[%emt 0:04:24]} 20. Qe2 {[%emt 0:04:38]} Qa5 {[%emt 0:03:58]} 21. Rc1 {[%emt 0:01:14]} Bb4 {[%emt 0:03:32]} 22. Red1 {[%emt 0:00:25]} b5 {[%emt 0:07:56]} 23. axb5 {[%emt 0:12:22]} Bxc3 {[%emt 0:00:11]} 24. Bxc3 {[%emt 0:00:30]} Qxb5 {[%emt 0:00:07]} 25. Qxb5 {[%emt 0:00:18]} cxb5 {[%emt 0:00:00]} 26. Ba5 {[%emt 0:00:06]} Ne4 {[%emt 0:05:36]} 27. Ne1 {[%emt 0:01:19]} Rxc1 {[%emt 0:02:19]} 28. Rxc1 {[%emt 0:00:10]} Ra8 {[%emt 0:00:00]} 29. Bb4 {[%emt 0:01:06]} Ra2 {[%emt 0:00:30]} 30. Nd3 {[%emt 0:00:45]} Nd2 {[%emt 0:00:35]} 31. Bxd2 {[%emt 0:02:47]} Rxd2 {[%emt 0:00:01]} 32. Nc5 {[%emt 0:00:05]} Nxc5 {[%emt 0:02:45]} 33. Rxc5 {[%emt 0:01:30]} h5 {[%emt 0:00:19]} 34. h4 {[%emt 0:00:11]} g6 {[%emt 0:02:26]} 35. Rxb5 {[%emt 0:01:17]} Kg7 {[%emt 0:00:23]} 36. Rb8 {[%emt 0:00:22]} Rb2 {[%emt 0:02:00]} 37. b4 {[%emt 0:00:12]} f6 {[%emt 0:00:52]} 38. b5 {[%emt 0:00:46]} e5 {[%emt 0:00:20]} 39. b6 {[%emt 0:01:37]} exd4 {[%emt 0:00:40]} 40. exd4 {[%emt 0:00:04]} Rb1+ {[%emt 0:00:56]} 41. Kh2 {[%emt 0:00:03]} Rb4 {[%emt 0:00:31]} 42. b7 {[%emt 0:00:05]} Rb2 {[%emt 0:01:03]} 43. Kg3 {[%emt 0:00:32]} Rb3+ {[%emt 0:00:23]} 44. f3 {[%emt 0:03:12]} Rb4 {[%emt 0:00:13]} 45. Kf2 {[%emt 0:00:07]} Rb2+ {[%emt 0:00:03]} 46. Ke3 {[%emt 0:00:03]} Rb3+ {[%emt 0:00:39]} 47. Kd2 {[%emt 0:00:02]} Rb4 {[%emt 0:00:14]} 48. Kc3 {[%emt 0:00:12]} Rb1 {[%emt 0:00:29]} 49. g4 {[%emt 0:02:07]} hxg4 {[%emt 0:01:03]} 50. fxg4 {[%emt 0:00:03]} g5 {[%emt 0:00:07]} 51. hxg5 {[%emt 0:00:36]} fxg5 {[%emt 0:00:02]} 52. Rd8 {[%emt 0:00:11]} Rxb7 {[%emt 0:00:14]} 53. Rxd5 {[%emt 0:00:02]} Kf6 {[%emt 0:01:19]} 54. Rf5+ {[%emt 0:00:38]} Kg6 {[%emt 0:00:10]} 55. Re5 {[%emt 0:02:05]} Rc7+ {[%emt 0:01:38]} 56. Kb4 {[%emt 0:00:52]} Kf6 {[%emt 0:00:29]} 57. Rf5+ {[%emt 0:00:45]} Kg6 {[%emt 0:00:16]} 58. d5 {[%emt 0:00:24]} Rb7+ {[%emt 0:00:55]} 59. Kc5 {[%emt 0:00:13]} Rc7+ {[%emt 0:00:01]} 60. Kd4 {[%emt 0:01:59]} Rc1 {[%emt 0:00:14]} 61. d6 {[%emt 0:00:20]} Rd1+ {[%emt 0:01:04]} 62. Kc5 {[%emt 0:00:12]} Rc1+ {[%emt 0:00:36]} 63. Kb6 {[%emt 0:00:14]} Rd1 {[%emt 0:00:37]} 64. Kc6 {[%emt 0:00:11]} Rd2 {[%emt 0:00:22]} 65. d7 {[%emt 0:00:18]} Rc2+ {[%emt 0:00:09]} 66. Rc5 {[%emt 0:00:11]} 1-0

[Event "Chile-ch Absolute 2018-19"]
[Site "Santiago"]
[Date "2019.02.28"]
[Round "11.5"]
[White "Lopez Silva, Hugo"]
[Black "Torres Bravo, Cristobal"]
[Result "1/2-1/2"]
[WhiteElo "2413"]
[BlackElo "2347"]
[Annotator "TA"]
[PlyCount "48"]
[EventDate "2019.02.20"]
[EventType "tourn"]
[EventCountry "CHI"]
[SourceTitle "playchess.com"]
[Source "ChessBase"]
[SourceQuality "1"]

{[%evp 11,48,25,41,32,38,22,39,0,67,-40,76,83,70,37,49,18,18,15,39,0,18,-41,-41,-50,-48,-92,-39,-46,-46,-43,25,31,25,-69,-95,-95,-100,-93,0]} 1. e4 c5 2. Nf3 Nc6 3. d4 cxd4 4. Nxd4 e6 5. Nc3 Qc7 6. Be3 a6 7. Qf3 {B48: Sicilian: Taimanov: 5 Nc3 Qc7 6 Be3 a6 without Be2} (7. Qd2 b5 8. O-O-O Nxd4 9. Bxd4 Bb7 10. f3 Nf6 11. Qg5 Rc8 12. Bd3 h6 13. Qg3 Qxg3 14. hxg3 Bc5 15. Ne2 Bxd4 16. Nxd4 {½-½ (32) Radjabov,T (2757)-Rapport,R (2731) Wijk aan Zee 2019}) 7... Nf6 8. O-O-O h5 9. h3 {White is slightly better.} d6 (9... Ne5 $11 10. Qe2 Ng6) 10. Be2 (10. Nxc6 $14 bxc6 11. Kb1) 10... Be7 $146 (10... Ne5 $15 11. Qf4 Bd7) ({Predecessor:} 10... Ne5 11. Qg3 h4 12. Qh2 b5 13. f4 Nc4 14. Bxc4 Qxc4 {½-½ (75) Shankland,S (2602)-Wang,C (2503) Las Vegas 2013}) 11. g4 $16 Nxd4 12. Rxd4 (12. Bxd4 {looks sharper.} b5 13. a3 d5 14. g5 Nxe4 15. Bxg7 Rg8 16. Nxe4 dxe4 17. Qxe4 Bb7 18. Qh7) 12... b5 $1 13. Qg2 Bb7 14. g5 Nd7 15. Rhd1 Rc8 16. a3 {[#]} (16. Kb1 $11) 16... d5 $1 $15 {[%mdl 512] ...Bxa3! is the strong threat.} 17. g6 (17. exd5 Bxa3) 17... f6 {Strongly threatening ...Bxa3!} 18. R4d2 {[%cal Re4d5] [#]} Bxa3 ({Black should play} 18... b4 $1 $17 {[%cal Rb4c3]} 19. Nb1 bxa3 20. Nxa3 Bxa3 21. bxa3 Qc3) 19. Nxd5 $1 exd5 20. bxa3 Nc5 ({Better is} 20... Qa5 $15 21. Kb1 Qxa3 22. exd5 Qb4+ 23. Kc1 Qa3+ 24. Kb1 Qb4+ 25. Kc1 Qa4) 21. Bxc5 $11 Qxc5 22. exd5 (22. Qf3 $11) 22... Qxa3+ $15 23. Kb1 Qb4+ 24. Kc1 Qa3+ {Accuracy: White = 30%, Black = 47%.} (24... Kd7 $17 25. Qf3 Qc3) 1/2-1/2

[Event "Chile-ch Absolute 2018-19"]
[Site "Santiago"]
[Date "2019.02.28"]
[Round "11.6"]
[White "Salinas Herrera, Pablo"]
[Black "Henriquez Villagra, Cristobal"]
[Result "1/2-1/2"]
[WhiteElo "2477"]
[BlackElo "2508"]
[Annotator "TA"]
[PlyCount "32"]
[EventDate "2019.02.20"]
[EventType "tourn"]
[EventCountry "CHI"]
[SourceTitle "playchess.com"]
[Source "ChessBase"]
[SourceQuality "1"]

{[%evp 15,32,0,0,-2,2,-20,0,0,0,0,0,0,26,23,30,21,24,20,25]} 1. d4 $146 Nf6 2. Nf3 d5 3. Bf4 e6 4. e3 c5 5. c3 Nc6 6. Nbd2 Bd6 7. Bg3 O-O 8. Bd3 b6 9. e4 {[#] e5 is the strong threat. D02: 1 d4 d5 2 Nf3 sidelines, including 2...Nf6 3 g3 and 2...Nf6 3 Bf4} Be7 10. Ne5 (10. O-O {with more complications.} Bb7 11. dxc5 bxc5 12. exd5 exd5 13. Qb3) 10... Nxe5 11. dxe5 Nxe4 12. Nxe4 dxe4 13. Bxe4 Qxd1+ 14. Rxd1 Rb8 15. Ke2 Ba6+ 16. Ke3 {Hoping for Rd7.} Rfd8 1/2-1/2